[Event "VIII Open Primavera"]
[Site "Robecchetto con Induno ITA"]
[Date "2011.04.07"]
[Round "1"]
[White "Barrera, Pietro"]
[Black "Ongaro, Andrea"]
[Result "1-0"]
[WhiteElo "1884"]
[BlackElo "1528"]
[PlyCount "65"]
[EventDate "2011.04.07"]

1. d4 Nf6 2. Nf3 g6 3. Bg5 Bg7 4. e3 d5 5. Bd3 c5 6. c3 cxd4 7. exd4 O-O 8.
Nbd2 Nc6 9. O-O a6 10. Re1 Bg4 11. h3 Bxf3 12. Nxf3 Re8 13. Qd2 Rc8 14. Re2 Qc7
15. Rae1 e6 16. Bh6 b5 17. Bf4 Qb7 18. a3 a5 19. Ne5 b4 20. axb4 axb4 21. Rb1
Ne4 22. Bxe4 dxe4 23. Qe1 Nxe5 24. dxe5 bxc3 25. bxc3 Qc6 26. Rc1 Red8 27. Rxe4
Rd3 28. Rd4 Qa6 29. Qe2 Rdxc3 30. Rxc3 Qa1+ 31. Kh2 Rxc3 32. Rd8+ Bf8 33. Bh6
1-0

[Event "VIII Open Primavera"]
[Site "Robecchetto con Induno ITA"]
[Date "2011.04.07"]
[Round "1"]
[White "De Dominicis, Arrigo"]
[Black "Turchi, Alessandro"]
[Result "0-1"]
[WhiteElo "1387"]
[BlackElo "1548"]
[PlyCount "58"]
[EventDate "2011.04.07"]

1. e4 c5 2. Bc4 d6 3. Nf3 Nf6 4. Ng5 e6 5. d3 Nc6 6. Be3 h6 7. Nf3 e5 8. h3 Be7
9. Nc3 a6 10. Qd2 b5 11. Bd5 Bd7 12. g4 b4 13. Nb1 Nxd5 14. exd5 Nd4 15. Qd1
Nxf3+ 16. Qxf3 Bh4 17. Nd2 O-O 18. O-O-O a5 19. Ne4 Qc7 20. Qg2 a4 21. g5 h5
22. Rhg1 b3 23. a3 bxc2 24. Kxc2 c4 25. dxc4 Qxc4+ 26. Nc3 Bf5+ 27. Kd2 Rab8
28. Rb1 Qd3+ 29. Kc1 Qc2# 0-1

[Event "VIII Open Primavera"]
[Site "Robecchetto con Induno ITA"]
[Date "2011.04.07"]
[Round "1"]
[White "Koureas, Panicos"]
[Black "Madaschi, Sergio"]
[Result "0-1"]
[WhiteElo "1395"]
[BlackElo "1620"]
[PlyCount "102"]
[EventDate "2011.04.07"]

1. d4 Nf6 2. Nf3 e6 3. e3 d5 4. Bd3 b6 5. O-O Be7 6. Ne5 Bb7 7. b3 O-O 8. Bb2
Nbd7 9. f4 c5 10. Nd2 Ne4 11. Rf3 f5 12. Rh3 Ndf6 13. a3 Qe8 14. Nxe4 fxe4 15.
Be2 g6 16. dxc5 Bxc5 17. Ng4 Be7 18. Qe1 Rc8 19. Rc1 Bc6 20. Bxf6 Bxf6 21.
Nxf6+ Rxf6 22. Qh4 Qf7 23. g4 Qg7 24. g5 Rf7 25. a4 Rfc7 26. c4 Bd7 27. Qg3 Qb2
28. Re1 Qxb3 29. Qh4 Bxa4 30. Bg4 Re8 31. Qg3 Qxc4 32. Bh5 gxh5 33. Rxh5 Rg7
34. Rf1 Bb5 35. Rf2 Rf8 36. Kg2 a5 37. Qg4 Bd7 38. Rh6 Qc8 39. g6 hxg6 40. Rxg6
Rff7 41. Kh3 Rxg6 42. Qxg6+ Rg7 43. Qf6 Qe8 44. Qe5 Rh7+ 45. Kg2 Qg6+ 46. Kh1
Rg7 47. Qg5 Qxg5 48. fxg5 Rxg5 49. Rc2 a4 50. Rc7 Rg7 51. h4 Kh7 0-1

[Event "VIII Open Primavera"]
[Site "Robecchetto con Induno ITA"]
[Date "2011.04.07"]
[Round "1"]
[White "Loaldi, Davide"]
[Black "Rigoli, Marco"]
[Result "1-0"]
[WhiteElo "1619"]
[BlackElo "1389"]
[PlyCount "107"]
[EventDate "2011.04.07"]

1. d4 d5 2. Nf3 e6 3. e3 a6 4. Bd3 c5 5. c3 Nc6 6. Nbd2 Be7 7. O-O Nf6 8. Qe2
O-O 9. dxc5 Bxc5 10. e4 e5 11. exd5 Qxd5 12. Ne4 Nxe4 13. Bxe4 Qe6 14. Bxh7+
Kh8 15. Be4 f5 16. Ng5 Qg6 17. Bc2 e4 18. Bf4 b5 19. b4 Bb6 20. Rad1 Bb7 21.
Rd6 Rf6 22. Rxf6 gxf6 23. Ne6 Ne5 24. Bg3 Bd5 25. Nf4 Qf7 26. Nxd5 Qxd5 27.
Qh5+ Kg7 28. Bxe5 Qxe5 29. Bb3 Rh8 30. Qf7+ Kh6 31. Qe6 Qxe6 32. Bxe6 Kg6 33.
Rd1 Rd8 34. Rxd8 Bxd8 35. Bc8 a5 36. Bd7 axb4 37. cxb4 f4 38. Bxb5 Bb6 39. a4
e3 40. fxe3 fxe3 41. Kf1 Kf5 42. a5 Ba7 43. Bd3+ Ke6 44. b5 Kd7 45. b6 Bb8 46.
h4 Kc6 47. h5 Kb7 48. Ke2 Bf4 49. Kf3 Bg5 50. g4 Bh6 51. Ke4 e2 52. Bxe2 Bd2
53. Kf5 Bg5 54. Bf3+ 1-0

[Event "VIII Open Primavera"]
[Site "Robecchetto con Induno ITA"]
[Date "2011.04.07"]
[Round "1"]
[White "Redamante, Marzio"]
[Black "Melino, Gianluca"]
[Result "0-1"]
[WhiteElo "1497"]
[BlackElo "1769"]
[PlyCount "92"]
[EventDate "2011.04.07"]

1. d4 g6 2. e4 Bg7 3. Nf3 d6 4. h3 a6 5. Bf4 Nd7 6. c3 b5 7. a3 Bb7 8. Bd3 c5
9. Qc2 cxd4 10. cxd4 Rc8 11. Nc3 Ngf6 12. O-O O-O 13. Rac1 Nh5 14. Bh2 Qb6 15.
d5 b4 16. axb4 Qxb4 17. Qd2 Nc5 18. Rc2 Rc7 19. Qe3 Rfc8 20. Ra1 Nxd3 21. Qxd3
Bxc3 22. bxc3 Rxc3 23. Rxc3 Qxc3 24. Qb1 Qc7 25. Nd2 Nf6 26. f3 Rb8 27. Qa2
Qc5+ 28. Kh1 Rc8 29. Rb1 Qa7 30. Nb3 Nxd5 31. exd5 Bxd5 32. Qa4 Rb8 33. Bg1 Qb7
34. Nd2 Qa8 35. Rxb8+ Qxb8 36. Qxa6 Qb2 37. Nc4 Qe2 38. Qc8+ Kg7 39. Nxd6 exd6
40. Bd4+ Kh6 41. Qf8+ Kh5 42. g4+ Kh4 43. Bf6+ Kg3 44. Qxd6+ Kxh3 45. Bd4 Qf1+
46. Bg1 Qxf3# 0-1

[Event "VIII Open Primavera"]
[Site "Robecchetto con Induno ITA"]
[Date "2011.04.07"]
[Round "1"]
[White "Ruggeri, Igor"]
[Black "Novi', Giuseppe"]
[Result "0-1"]
[WhiteElo "1527"]
[BlackElo "1816"]
[PlyCount "62"]
[EventDate "2011.04.07"]

1. d4 Nf6 2. c4 g6 3. Nc3 Bg7 4. Nf3 O-O 5. e4 d6 6. h3 Nbd7 7. Bd3 e5 8. d5 h6
9. O-O Nh5 10. b4 Nf4 11. Bxf4 exf4 12. Rc1 Ne5 13. Nxe5 Bxe5 14. Qf3 a6 15. b5
Qh4 16. Ne2 g5 17. g4 fxg3 18. fxg3 Qxh3 19. Rf2 Bg4 20. Qg2 Qh5 21. Nf4 gxf4
22. gxf4 Bd4 23. Rcc2 Bxf2+ 24. Rxf2 Qh3 25. Be2 Qxg2+ 26. Rxg2 h5 27. f5 Kg7
28. Bxg4 hxg4 29. Rxg4+ Kf6 30. Kf2 Rg8 31. Rh4 Rh8 0-1

[Event "VIII Open Primavera"]
[Site "Robecchetto con Induno ITA"]
[Date "2011.04.07"]
[Round "1"]
[White "Salerno, Christian"]
[Black "Sartorio, Alessandro"]
[Result "1-0"]
[WhiteElo "1546"]
[BlackElo "1332"]
[PlyCount "62"]
[EventDate "2011.04.07"]

1. d4 d5 2. Nf3 Nc6 3. Bf4 Bg4 4. e3 e6 5. c4 g5 6. Bg3 Nf6 7. Nbd2 Bb4 8. Qb3
Ne4 9. a3 Bxf3 10. axb4 Nxd2 11. Kxd2 Be4 12. b5 Na5 13. Rxa5 dxc4 14. Qxc4 Bd5
15. Qxc7 O-O 16. Qxd8 Rfxd8 17. f3 f6 18. Bd3 e5 19. dxe5 Bc4 20. Ra3 Bxb5 21.
Rd1 Rac8 22. Ke1 Be8 23. exf6 a6 24. Bc4+ Bf7 25. Rxd8+ Rxd8 26. Bxf7+ Kxf7 27.
Be5 Rd5 28. Bd4 Rd6 29. Rc3 b5 30. Rc7+ Ke8 31. f7+ Kd8 1-0

[Event "VIII Open Primavera"]
[Site "Robecchetto con Induno ITA"]
[Date "2011.04.07"]
[Round "1"]
[White "Santarelli, Sabatino"]
[Black "Bencivenga, Antonio"]
[Result "1/2-1/2"]
[WhiteElo "1654"]
[BlackElo "1410"]
[PlyCount "98"]
[EventDate "2011.04.07"]

1. e4 e6 2. Nc3 a6 3. Nf3 d5 4. exd5 exd5 5. d4 Nf6 6. Bg5 Be7 7. h3 h6 8. Bh4
c6 9. Bd3 O-O 10. O-O Re8 11. a3 Ne4 12. Bxe7 Rxe7 13. Ne2 f5 14. c3 Nd7 15.
Qc2 Ndf6 16. Ne5 Qe8 17. f3 Nc5 18. Bxf5 Bxf5 19. Qxf5 Nb3 20. Rae1 c5 21. Qc2
cxd4 22. Nd3 dxc3 23. Nxc3 Nd4 24. Qf2 Nf5 25. Rxe7 Nxe7 26. Re1 Qf7 27. Qc5
Re8 28. Qf2 Nc6 29. Rxe8+ Qxe8 30. Ne2 b5 31. b4 a5 32. bxa5 Nxa5 33. Nd4 Nc4
34. Nc2 Qe7 35. Ndb4 Nxa3 36. Nc6 Qd6 37. N2b4 Nc4 38. g3 Ne5 39. Qb6 Nxc6 40.
Nxc6 Qxg3+ 41. Kf1 Qxf3+ 42. Ke1 Qh1+ 43. Ke2 Qe4+ 44. Kd2 Qg2+ 45. Kc1 Qf1+
46. Kb2 Qg2+ 47. Kb3 Qxh3+ 48. Kb4 Qf1 49. Qd8+ Kh7 1/2-1/2

[Event "VIII Open Primavera"]
[Site "Robecchetto con Induno ITA"]
[Date "2011.04.07"]
[Round "1"]
[White "Turini, Gianluca"]
[Black "Colli, Gianmaria"]
[Result "1-0"]
[WhiteElo "1809"]
[BlackElo "1520"]
[PlyCount "133"]
[EventDate "2011.04.07"]

1. d4 Nf6 2. c4 e6 3. Nc3 d5 4. Bg5 Be7 5. Nf3 c6 6. cxd5 exd5 7. e3 Bg4 8. Bd3
Nbd7 9. h3 Be6 10. O-O O-O 11. Rc1 Re8 12. a3 Nf8 13. Ne5 N6d7 14. Bf4 Nxe5 15.
Bxe5 Bf6 16. Bh2 Be7 17. b4 Bd6 18. Bxd6 Qxd6 19. Qb3 Qe7 20. a4 Qg5 21. Kh2
Ng6 22. f4 Qh6 23. f5 Bxf5 24. Bxf5 Qxe3 25. Qd1 Re7 26. b5 Nh4 27. Bb1 Qg5 28.
Qc2 g6 29. Qf2 Nf5 30. Bxf5 gxf5 31. Qxf5 Qxf5 32. Rxf5 Re3 33. bxc6 bxc6 34.
a5 Rd3 35. Rf4 Rb8 36. Ne2 Rd2 37. Nc3 Rbb2 38. Rg4+ Kf8 39. Na4 Ra2 40. Nc5
Rab2 41. Nd7+ Ke7 42. Ne5 h5 43. Nxc6+ Kd7 44. Rg7 Ke8 45. Rg8+ Kd7 46. a6 Rb6
47. Rd8+ Kc7 48. Rf8 Rxc6 49. Rxf7+ Kb6 50. Rxc6+ Kxc6 51. Rxa7 Kb6 52. Rd7
Rxd4 53. a7 Ra4 54. Rxd5 Kxa7 55. Rxh5 Kb7 56. Re5 Ra2 57. h4 Ra4 58. Kh3 Kc7
59. h5 Kd6 60. Re1 Ra8 61. g4 Rh8 62. Kh4 Rh7 63. g5 Ra7 64. h6 Ra2 65. Kh5
Rh2+ 66. Kg6 Rg2 67. h7 1-0

[Event "VIII Open Primavera"]
[Site "Robecchetto con Induno ITA"]
[Date "2011.04.14"]
[Round "2"]
[White "Bencivenga, Antonio"]
[Black "Ruggeri, Igor"]
[Result "1-0"]
[WhiteElo "1410"]
[BlackElo "1527"]
[PlyCount "93"]
[EventDate "2011.04.07"]

1. c4 e5 2. Nc3 Nf6 3. Nf3 Nc6 4. d3 d6 5. g3 g6 6. Bg2 Bg7 7. O-O O-O 8. Bg5
h6 9. Be3 Be6 10. Qc1 Kh7 11. Rb1 Qd7 12. Re1 Ng4 13. Nb5 Nxe3 14. Qxe3 Nb4 15.
Qd2 a5 16. a3 Nc6 17. b3 Ne7 18. e4 f5 19. exf5 Nxf5 20. d4 c6 21. d5 cxd5 22.
cxd5 Bg8 23. a4 b6 24. Rbc1 Rac8 25. Bh3 Qb7 26. Bxf5 Rxf5 27. Nxd6 Qxd5 28.
Qxd5 Bxd5 29. Nxf5 Rxc1 30. Rxc1 gxf5 31. Nh4 Be4 32. f3 Bd3 33. Rc7 f4 34.
gxf4 exf4 35. Ng2 Kg8 36. Nxf4 Bd4+ 37. Kg2 Bb1 38. Rc8+ Kh7 39. Rc7+ Kg8 40.
Ne2 Bc5 41. Nc3 Bf5 42. Ne4 Bd4 43. Rc4 Bb2 44. Rc6 Kg7 45. Rxb6 Ba3 46. Rb5
Bb4 47. Rxf5 1-0

[Event "VIII Open Primavera"]
[Site "Robecchetto con Induno ITA"]
[Date "2011.04.14"]
[Round "2"]
[White "Colli, Gianmaria"]
[Black "Koureas, Panicos"]
[Result "1-0"]
[WhiteElo "1520"]
[BlackElo "1395"]
[PlyCount "145"]
[EventDate "2011.04.07"]

1. Nf3 Nc6 2. c4 e5 3. Nc3 d6 4. e4 Nf6 5. d3 h6 6. Be2 Ne7 7. d4 exd4 8. Nxd4
c5 9. Nf3 Ng6 10. Be3 Ng4 11. Qd2 Be7 12. Rd1 O-O 13. O-O Be6 14. Nd5 Nxe3 15.
Nxe3 Qd7 16. e5 Rad8 17. exd6 Bxd6 18. Kh1 Qa4 19. b3 Qc6 20. Qc2 Nf4 21. Rfe1
Nxe2 22. Rxe2 Bf4 23. Rxd8 Rxd8 24. Rd2 Rxd2 25. Qxd2 Bg4 26. Qd8+ Kh7 27. Nxg4
Qg6 28. Ne3 Qb1+ 29. Ng1 Qxa2 30. Qd3+ Kg8 31. Nd5 Qxf2 32. Nxf4 Qxf4 33. Qd5
b6 34. Qa8+ Kh7 35. Qxa7 Qf6 36. h3 g5 37. Qd7 Kg6 38. Nf3 Qf5 39. Qxf5+ Kxf5
40. g4+ Kf4 41. Kg2 f5 42. gxf5 Kxf5 43. Kg3 Ke4 44. Nxg5+ Kd3 45. Ne6 Kc3 46.
Nf4 Kxb3 47. Nd5 Kxc4 48. Nxb6+ Kd4 49. Kg4 Ke5 50. Kh5 Kf4 51. h4 Kg3 52. Nc4
Kh3 53. Ne5 Kg3 54. Nc4 Kh3 55. Ne3 Kg3 56. Nf5+ Kh3 57. Kxh6 c4 58. Ne3 c3 59.
h5 Kg3 60. Kg6 Kf4 61. Nc2 Ke4 62. h6 Kd3 63. Na3 c2 64. Nxc2 Kxc2 65. h7 Kb1
66. h8=Q Kc2 67. Qd4 Kb3 68. Kf5 Kc2 69. Ke4 Kb3 70. Qc5 Kb2 71. Kd3 Ka2 72.
Qb5 Ka3 73. Kc2 1-0

[Event "VIII Open Primavera"]
[Site "Robecchetto con Induno ITA"]
[Date "2011.04.14"]
[Round "2"]
[White "Libutti, Michele"]
[Black "Loaldi, Davide"]
[Result "1-0"]
[WhiteElo "1776"]
[BlackElo "1619"]
[PlyCount "91"]
[EventDate "2011.04.07"]

1. d4 d5 2. c4 Nf6 3. Nc3 e6 4. Bg5 c6 5. e3 Nbd7 6. Nf3 Qa5 7. Nd2 Bb4 8. Qc2
dxc4 9. Bxf6 Nxf6 10. Nxc4 Qc7 11. a3 Be7 12. Bd3 a6 13. O-O b5 14. Ne5 Bd6 15.
Ne4 Bxe5 16. dxe5 Nxe4 17. Bxe4 Bb7 18. Rac1 Rc8 19. Qc5 Qe7 20. Rfd1 Qxc5 21.
Rxc5 Ke7 22. b4 Rhd8 23. Rcc1 Rd7 24. Rxd7+ Kxd7 25. h4 Kc7 26. Rd1 Rd8 27.
Rxd8 Kxd8 28. Bxh7 g6 29. g4 Ke8 30. h5 gxh5 31. gxh5 Kf8 32. h6 a5 33. Be4 a4
34. Kf1 c5 35. Bd3 c4 36. Bc2 Bf3 37. Ke1 Bh5 38. Be4 Bg6 39. Bc6 c3 40. Bxb5
Bc2 41. Ke2 Bb3 42. Bd3 Bd5 43. b5 Kg8 44. Kd1 Bf3+ 45. Kc2 Bg4 46. Kxc3 1-0

[Event "VIII Open Primavera"]
[Site "Robecchetto con Induno ITA"]
[Date "2011.04.14"]
[Round "2"]
[White "Madaschi, Sergio"]
[Black "Turini, Gianluca"]
[Result "0-1"]
[WhiteElo "1620"]
[BlackElo "1809"]
[PlyCount "64"]
[EventDate "2011.04.07"]

1. e4 e5 2. Nf3 Nc6 3. Bb5 Nf6 4. O-O Bc5 5. c3 Qe7 6. Re1 O-O 7. d4 exd4 8.
cxd4 Bb4 9. Nc3 Bxc3 10. bxc3 h6 11. Bd3 d6 12. h3 b6 13. Qc2 Bb7 14. Ba3 Qd8
15. Rad1 Re8 16. e5 Nh5 17. Bc1 g5 18. Re2 Ng7 19. Rde1 dxe5 20. Nxe5 Nxe5 21.
Rxe5 Rxe5 22. Rxe5 Qd6 23. Qe2 Rd8 24. Be4 f6 25. Qc4+ Kh8 26. Bxb7 fxe5 27.
Be3 exd4 28. Bxd4 c5 29. Bxg7+ Kxg7 30. Bf3 Re8 31. g3 Qe6 32. Kg2 Qxc4 0-1

[Event "VIII Open Primavera"]
[Site "Robecchetto con Induno ITA"]
[Date "2011.04.14"]
[Round "2"]
[White "Melino, Gianluca"]
[Black "Salerno, Christian"]
[Result "0-1"]
[WhiteElo "1769"]
[BlackElo "1546"]
[PlyCount "94"]
[EventDate "2011.04.07"]

1. d4 d5 2. Nf3 Nf6 3. e3 c5 4. Bd3 c4 5. Be2 b5 6. O-O Bf5 7. b3 Nbd7 8. Nh4
e6 9. Nxf5 exf5 10. bxc4 bxc4 11. a4 Rb8 12. Ba3 Bxa3 13. Rxa3 Qe7 14. Ra1 O-O
15. Nc3 a6 16. Bf3 Qd6 17. Qd2 Ne4 18. Bxe4 fxe4 19. Rfb1 f5 20. Ne2 Rb6 21.
Qa5 Rfb8 22. Rxb6 Rxb6 23. Nc3 Nf6 24. Rb1 Rxb1+ 25. Nxb1 f4 26. Nc3 fxe3 27.
fxe3 Kf7 28. h3 Ke6 29. Ne2 g5 30. Qe1 h6 31. Qg3 Qxg3 32. Nxg3 Kd7 33. Kf2 Kc6
34. Ne2 Kb6 35. Nc3 Ka5 36. Ke2 Kb4 37. Kd2 h5 38. g3 h4 39. g4 a5 40. Na2+
Kxa4 41. Kc3 Ka3 42. Nc1 Ne8 43. Ne2 Nc7 44. Kd2 Nb5 45. Kc1 Ka2 46. Nf4 gxf4
47. exf4 Nd6 0-1

[Event "VIII Open Primavera"]
[Site "Robecchetto con Induno ITA"]
[Date "2011.04.14"]
[Round "2"]
[White "Ragoso, Mario"]
[Black "Barrera, Pietro"]
[Result "0-1"]
[WhiteElo "1688"]
[BlackElo "1884"]
[PlyCount "68"]
[EventDate "2011.04.07"]

1. e4 g6 2. d4 Bg7 3. c4 d6 4. Nc3 a6 5. Be3 Nd7 6. Be2 c6 7. a4 b6 8. f4 Bb7
9. Nf3 Qc7 10. O-O e6 11. Qd2 Ne7 12. f5 exf5 13. Bf4 O-O 14. c5 bxc5 15. dxc5
Be5 16. cxd6 Bxf4 17. Qxf4 Qb6+ 18. Kh1 Nc8 19. e5 Kg7 20. Bc4 Qb4 21. a5 Re8
22. Rae1 Qxa5 23. e6 fxe6 24. Bxe6 Qd8 25. h4 Ncb6 26. Ng5 Qf6 27. Bb3 Nd5 28.
Nxd5 cxd5 29. Ba4 Rxe1 30. Rxe1 Nc5 31. Re7+ Kg8 32. Nxh7 Qxb2 33. Qg5 Ne4 34.
Qxg6+ Kh8 $138 0-1

[Event "VIII Open Primavera"]
[Site "Robecchetto con Induno ITA"]
[Date "2011.04.14"]
[Round "2"]
[White "Sartorio, Alessandro"]
[Black "Redamante, Marzio"]
[Result "0-1"]
[WhiteElo "1332"]
[BlackElo "1497"]
[PlyCount "64"]
[EventDate "2011.04.07"]

1. d4 d5 2. c4 e6 3. Nc3 Nf6 4. a3 c5 5. e3 cxd4 6. exd4 dxc4 7. Bxc4 Be7 8.
Nf3 O-O 9. O-O b6 10. d5 Qc7 11. Nb5 Qxc4 12. Nc3 Nxd5 13. Ne5 Nxc3 14. Nxc4
Nxd1 15. Rxd1 Nc6 16. Bf4 Ba6 17. Rac1 Bxc4 18. Rxc4 Na5 19. Rc7 Bf6 20. b4 Nb3
21. Rd3 Nd4 22. g4 Ne2+ 23. Kf1 Nxf4 24. Rf3 e5 25. Re3 Rfd8 26. f3 Bh4 27. Rc1
Rd4 28. Rec3 Rad8 29. Re1 Bxe1 30. Kxe1 g5 31. Kf2 Rd2+ 32. Ke3 Re2# 0-1

[Event "VIII Open Primavera"]
[Site "Robecchetto con Induno ITA"]
[Date "2011.04.14"]
[Round "2"]
[White "Turchi, Alessandro"]
[Black "Macchiettini, Pierangelo"]
[Result "1/2-1/2"]
[WhiteElo "1548"]
[BlackElo "1775"]
[PlyCount "50"]
[EventDate "2011.04.07"]

1. d4 d5 2. c4 c6 3. Nf3 Nf6 4. Nc3 e6 5. cxd5 exd5 6. Bg5 Be7 7. e3 O-O 8. h3
Nbd7 9. Bd3 h6 10. Bh4 Ne4 11. Bxe7 Qxe7 12. O-O Re8 13. Nd2 Ndf6 14. Ncxe4
dxe4 15. Bc4 Be6 16. Bxe6 Qxe6 17. Rc1 Rad8 18. Qa4 Ra8 19. b3 Qe7 20. Rfd1
Red8 21. Qc4 Rac8 22. Qc5 Qxc5 23. dxc5 Kf8 24. b4 Ke7 25. a4 a6 1/2-1/2

[Event "VIII Open Primavera"]
[Site "Robecchetto con Induno ITA"]
[Date "2011.04.21"]
[Round "3"]
[White "Barrera, Pietro"]
[Black "Libutti, Michele"]
[Result "1-0"]
[WhiteElo "1884"]
[BlackElo "1776"]
[PlyCount "63"]
[EventDate "2011.04.07"]

1. d4 Nf6 2. Nf3 g6 3. Bg5 Bg7 4. e3 Ne4 5. Bh4 b6 6. Bd3 Bb7 7. Bxe4 Bxe4 8.
Nbd2 Bb7 9. O-O d6 10. c3 Nd7 11. Re1 Bf6 12. Bxf6 exf6 13. e4 O-O 14. Qc2 Re8
15. Rad1 Re7 16. Re3 d5 17. Rde1 dxe4 18. Nxe4 f5 19. Ned2 Rxe3 20. Rxe3 Nf6
21. Ne5 Qd5 22. f3 Re8 23. Nb3 Kf8 24. Qe2 Qd8 25. c4 Nd7 26. d5 Nxe5 27. Rxe5
Rxe5 28. Qxe5 Qd6 29. Qxd6+ cxd6 30. Nd4 Ke8 31. Nb5 a6 32. Nxd6+ 1-0

[Event "VIII Open Primavera"]
[Site "Robecchetto con Induno ITA"]
[Date "2011.04.21"]
[Round "3"]
[White "De Dominicis, Arrigo"]
[Black "Ongaro, Andrea"]
[Result "0-1"]
[WhiteElo "1387"]
[BlackElo "1528"]
[PlyCount "82"]
[EventDate "2011.04.07"]

1. e4 c5 2. Bc4 d6 3. Nf3 e6 4. d4 cxd4 5. Qxd4 Nc6 6. Qe3 Qc7 7. Nc3 a6 8. Qe2
Nf6 9. Bf4 Nh5 10. Bg3 Nxg3 11. hxg3 Bd7 12. O-O-O g6 13. Ng5 h6 14. Nxf7 Kxf7
15. f4 Re8 16. Qf3 Ke7 17. f5 Ne5 18. f6+ Kd8 19. Qf1 Qxc4 20. Qxc4 Nxc4 21. g4
Ne3 22. Rd4 Rh7 23. g5 Nxg2 24. Ne2 e5 25. Rb4 Bc6 26. Ng3 Nf4 27. Rb3 Ne6 28.
gxh6 Rxh6 29. Rf1 Nf4 30. Re3 Re6 31. f7 Rf6 32. Rd1 Rxf7 33. c4 Rd7 34. Ne2
Nxe2+ 35. Rxe2 Rh4 36. Rf1 Bh6+ 37. Kc2 Bxe4+ 38. Kc3 Rh3+ 39. Kb4 Bd3 40. Rf8+
Bxf8 41. Rxe5 dxe5+ 0-1

[Event "VIII Open Primavera"]
[Site "Robecchetto con Induno ITA"]
[Date "2011.04.21"]
[Round "3"]
[White "Koureas, Panicos"]
[Black "Santarelli, Sabatino"]
[Result "0-1"]
[WhiteElo "1395"]
[BlackElo "1654"]
[PlyCount "139"]
[EventDate "2011.04.07"]

1. d4 Nf6 2. Nf3 d5 3. e3 Bg4 4. Nbd2 h6 5. h3 Bh5 6. Bd3 Nc6 7. a3 e6 8. g4
Bg6 9. Bb5 a6 10. Bxc6+ bxc6 11. Ne5 Bh7 12. c3 Bd6 13. Nxc6 Qd7 14. Ne5 Bxe5
15. dxe5 Ne4 16. Nxe4 Bxe4 17. O-O O-O 18. f3 Bg6 19. b4 Qb5 20. a4 Qb6 21. a5
Qb5 22. Qd4 Bd3 23. Rd1 Be2 24. Rd2 Bxf3 25. Raa2 Be4 26. Rab2 f6 27. c4 Qxc4
28. Qxc4 dxc4 29. Rd4 Bd3 30. exf6 Rxf6 31. Rf4 Raf8 32. Rbf2 c6 33. Rxf6 Rxf6
34. Bb2 Rxf2 35. Kxf2 Kf7 36. Kf3 g5 37. e4 Bf1 38. Kg3 Kg6 39. h4 gxh4+ 40.
Kxh4 Bg2 41. e5 Bf3 42. Bd4 h5 43. gxh5+ Bxh5 44. Kg3 Kf5 45. Kh4 Bf3 46. Kg3
Ke4 47. Bc3 Bd1 48. Kf2 Kd3 49. Bb2 c3 50. Bc1 Kc2 51. Be3 Kb2 52. Ke1 c2 53.
Bd2 Kb1 54. Kf2 c1=Q 55. Bxc1 Kxc1 56. Ke3 Bb3 57. Kd4 Kc2 58. Kc5 Ba4 59. Kd6
Kc3 60. Kxe6 Kxb4 61. Kd6 c5 62. e6 c4 63. e7 c3 64. Kc7 c2 65. Kb7 c1=Q 66.
e8=Q Bxe8 67. Ka7 Kb5 68. Kb7 Kxa5 69. Kb8 Kb6 70. Ka8 0-1

[Event "VIII Open Primavera"]
[Site "Robecchetto con Induno ITA"]
[Date "2011.04.21"]
[Round "3"]
[White "Loaldi, Davide"]
[Black "Melino, Gianluca"]
[Result "1/2-1/2"]
[WhiteElo "1619"]
[BlackElo "1769"]
[PlyCount "72"]
[EventDate "2011.04.07"]

1. d4 g6 2. Nf3 Bg7 3. e3 d6 4. Nbd2 a6 5. Bd3 Nd7 6. c3 c5 7. O-O b5 8. Be4
Rb8 9. Bc6 Qc7 10. Bxd7+ Bxd7 11. d5 Nh6 12. Qe2 O-O 13. Re1 e6 14. dxe6 Bxe6
15. e4 d5 16. e5 Nf5 17. Nb3 h6 18. Be3 Nxe3 19. Qxe3 Rfe8 20. Qf4 a5 21. g4 a4
22. Nbd2 Qe7 23. g5 h5 24. Nh4 Red8 25. Qg3 d4 26. Ne4 dxc3 27. Nf6+ Kh8 28.
Qxc3 Rd4 29. Nf3 Rdd8 30. Rad1 Bxa2 31. Nh4 Bb3 32. Rxd8+ Rxd8 33. Qf3 Qe6 34.
Qe4 Bxf6 35. gxf6 Qg4+ 36. Qxg4 hxg4 1/2-1/2

[Event "VIII Open Primavera"]
[Site "Robecchetto con Induno ITA"]
[Date "2011.04.21"]
[Round "3"]
[White "Macchiettini, Pierangelo"]
[Black "Colli, Gianmaria"]
[Result "1-0"]
[WhiteElo "1775"]
[BlackElo "1520"]
[PlyCount "115"]
[EventDate "2011.04.07"]

1. d4 Nf6 2. c4 e6 3. a3 Be7 4. Nc3 d5 5. Nf3 b6 6. Bf4 Bb7 7. e3 Nh5 8. Be5
Nf6 9. h3 c6 10. Be2 Nbd7 11. Bh2 Ne4 12. Rc1 Nd6 13. cxd5 cxd5 14. O-O O-O 15.
Bd3 Nf6 16. Qe2 a6 17. Rc2 b5 18. Rfc1 Rc8 19. Bxd6 Bxd6 20. Na2 Rxc2 21. Rxc2
Qb8 22. Nc1 Rc8 23. Nb3 Rxc2 24. Qxc2 Qc8 25. Nc5 Bxc5 26. dxc5 Bc6 27. b4 Qb7
28. Ne5 g6 29. Qc3 Nd7 30. Ng4 e5 31. f3 Qc7 32. Be2 h5 33. Nf2 Qd8 34. Nd3 Qf6
35. Bf1 Kg7 36. f4 exf4 37. Qxf6+ Kxf6 38. Nxf4 Ne5 39. Kf2 Kf5 40. g3 Nc4 41.
Ne2 Ne5 42. Nd4+ Ke4 43. Ke2 Nc4 44. Nxc6 Nxa3 45. Bg2+ Kf5 46. Bxd5 f6 47. Bb3
Nc4 48. Bxc4 bxc4 49. Nb8 Ke6 50. Nxa6 Kd7 51. Kd2 Kc6 52. Kc3 Kb7 53. b5 g5
54. Kxc4 f5 55. Kd3 g4 56. h4 Kc8 57. Kd4 Kd7 58. Ke5 1-0

[Event "VIII Open Primavera"]
[Site "Robecchetto con Induno ITA"]
[Date "2011.04.21"]
[Round "3"]
[White "Novi', Giuseppe"]
[Black "Turini, Gianluca"]
[Result "0-1"]
[WhiteElo "1816"]
[BlackElo "1809"]
[PlyCount "86"]
[EventDate "2011.04.07"]

1. e4 c6 2. d4 d5 3. Nd2 dxe4 4. Nxe4 Bf5 5. Ng3 Bg6 6. Nf3 e6 7. Bc4 Nd7 8.
O-O b5 9. Bb3 Ngf6 10. Bg5 Be7 11. Re1 a5 12. a3 O-O 13. Qe2 Re8 14. Nh4 Bf8
15. Nxg6 hxg6 16. Qf3 Qb6 17. Be3 Nd5 18. Bxd5 cxd5 19. c3 Rec8 20. h4 Nf6 21.
Bg5 Nh7 22. Bf4 b4 23. Reb1 Nf6 24. h5 gxh5 25. Nxh5 Nxh5 26. Qxh5 bxc3 27.
bxc3 Qc6 28. Rc1 Ra7 29. g3 Rb7 30. Bd2 Rb2 31. Qg5 Qc4 32. Be3 Rcb8 33. Kg2
Qd3 34. Qg4 Qxe3 35. Rf1 Qe4+ 36. Qxe4 dxe4 37. Rac1 Bxa3 38. Ra1 R8b3 39. c4
e3 40. c5 Rxf2+ 41. Rxf2 exf2 42. Kxf2 Rc3 43. Kg2 Kf8 0-1

[Event "VIII Open Primavera"]
[Site "Robecchetto con Induno ITA"]
[Date "2011.04.21"]
[Round "3"]
[White "Redamante, Marzio"]
[Black "Volpe, Antonio"]
[Result "0-1"]
[WhiteElo "1497"]
[BlackElo "1715"]
[PlyCount "76"]
[EventDate "2011.04.07"]

1. d4 g6 2. e4 Bg7 3. Nf3 h6 4. b3 d6 5. Bb2 e6 6. c4 b6 7. Bd3 Nd7 8. Qc2 Bb7
9. O-O Ne7 10. Nc3 a6 11. d5 e5 12. b4 O-O 13. a4 g5 14. h3 Ng6 15. Ne2 Nf6 16.
Ng3 Nf4 17. Nf5 a5 18. bxa5 Rxa5 19. Bc3 Ra8 20. Rfb1 Bc8 21. Nxg7 Kxg7 22. Bf1
Rg8 23. Nh2 g4 24. Nxg4 Bxg4 25. hxg4 Nxg4 26. g3 Kh7 27. Qd2 Nf6 28. Qe3 h5
29. Bd2 Qf8 30. Kh1 Ng6 31. Bh3 Rh8 32. Bf5 Qg7 33. f3 Kg8 34. a5 h4 35. Kg2
hxg3 36. Kxg3 Nf4+ 37. Bg4 Nxg4 38. Qe1 Rh3# 0-1

[Event "VIII Open Primavera"]
[Site "Robecchetto con Induno ITA"]
[Date "2011.04.21"]
[Round "3"]
[White "Ruggeri, Igor"]
[Black "Rigoli, Marco"]
[Result "1/2-1/2"]
[WhiteElo "1527"]
[BlackElo "1389"]
[PlyCount "103"]
[EventDate "2011.04.07"]

1. d4 d5 2. c4 e6 3. Nf3 c5 4. e3 Nc6 5. Nc3 Nf6 6. a3 a5 7. cxd5 exd5 8. dxc5
Bxc5 9. g3 O-O 10. Bg2 Bg4 11. Qb3 Qb6 12. Nd2 d4 13. Nd5 Qxb3 14. Nxf6+ gxf6
15. Nxb3 dxe3 16. Nxc5 exf2+ 17. Kxf2 Rfe8 18. Be3 Re5 19. b4 axb4 20. axb4
Rxa1 21. Rxa1 Nxb4 22. Rc1 b6 23. Ne4 Rf5+ 24. Kg1 Nd5 25. Bh6 Ne7 26. Nxf6+
Rxf6 27. Bg5 Re6 28. h3 Bf5 29. Rc7 Ng6 30. Bd5 Bxh3 31. Bxe6 Bxe6 32. Rb7 Kg7
33. Rxb6 h6 34. Be3 Kf6 35. Bxh6 Kf5 36. Rb4 Ke5 37. Kf2 Ne7 38. Bg7+ Kd5 39.
Rd4+ Kc6 40. g4 Ng6 41. g5 Ne7 42. Re4 Kd7 43. Bf6 Ng6 44. Kg3 Kc6 45. Rxe6+
fxe6 46. Kg4 Kd6 47. Kh5 Nf8 48. Bg7 Ke7 49. Bxf8+ Kxf8 50. g6 Kg7 51. Kg5 e5
52. Kf5 1/2-1/2